Better Looking, Better Living, Better Loving How Chemistry can Help You Achieve Life´s Goals

Gespeichert in:
Bibliographische Detailangaben
1. Verfasser: Emsley, John
Format: Buch
Sprache:Englisch
Veröffentlicht: Weinheim Wiley-VCH Verlag 2007
Schlagworte:
Online-Zugang:Im OPAC anzeigen
Tags: Tag hinzufügen
Keine Tags, Fügen Sie das erste Tag hinzu!

MARC

LEADER 00000nam a2200000 a 4500
005 20260127134225.0
008 070905 2007 gw 000 0 eng d
020 |a 3527318636 
035 |a vtls009091396 
039 9 |a 200709050833  |b mschk03  |y 200709050832  |z mschk03 
040 |a STUSCHK1  |b slo  |c STUSCHK1  |e AACR2 
100 1 |a Emsley, John 
245 1 |a Better Looking, Better Living, Better Loving  |b How Chemistry can Help You Achieve Life´s Goals  |c John Emsley 
260 |a Weinheim  |b Wiley-VCH Verlag  |c 2007 
300 |a xi, 229 p.  |c 22 cm 
650 0 |a Better Looking 
650 0 |a Better Living 
650 0 |a Better Loving 
910 |a SCHK95 
919 |a 3-527-31863-6 
999 |c 7112  |d 7112